BIBLIOTECA

SENCICO

Tienda y sala de té arte / (Registro nro. 4981)

Detalles MARC
000 -LEADER
fixed length control field 00983nam a22002537a 4500
003 - CONTROL NUMBER IDENTIFIER
control field PE SENCICO BE
005 - DATE AND TIME OF LATEST TRANSACTION
control field 20251020182707.0
008 - FIXED-LENGTH DATA ELEMENTS--GENERAL INFORMATION
fixed length control field 240304b |||||||| |||| 00| 0 eng d
040 ## - CATALOGING SOURCE
Original cataloging agency PE SENCICO BE
Transcribing agency PE SENCICO BE
041 ## - LANGUAGE CODE
Language code of text/sound track or separate title spa
084 ## - OTHER CLASSIFICATION NUMBER
Classification number I
-- DIS
-- 2005
Item number R21
100 1# - MAIN ENTRY--PERSONAL NAME
9 (RLIN) 2012
Personal name Ramirez Caceres, Carolina
Relator term autor
245 1# - TITLE STATEMENT
Title Tienda y sala de té arte /
Statement of responsibility, etc. Carolina Ramirez Caceres
260 ## - PUBLICATION, DISTRIBUTION, ETC.
Place of publication, distribution, etc. Lima :
Date of publication, distribution, etc. 2005
300 ## - PHYSICAL DESCRIPTION
Extent [40] h. :
Other physical details plans.;
Dimensions 30 cm.
502 ## - DISSERTATION NOTE
Dissertation note Monografía de Titulación.-- Servicio Nacional de Capacitación para la Industria de la Construcción. Escuela Superior Técnica. Carrera Profesional Técnica en Diseño de Interiores, 2005
650 10 - SUBJECT ADDED ENTRY--TOPICAL TERM
9 (RLIN) 44
Topical term or geographic name entry element Diseño de interiores
650 20 - SUBJECT ADDED ENTRY--TOPICAL TERM
9 (RLIN) 1995
Topical term or geographic name entry element Espacios comerciales
650 20 - SUBJECT ADDED ENTRY--TOPICAL TERM
9 (RLIN) 1049
Topical term or geographic name entry element Salas
650 20 - SUBJECT ADDED ENTRY--TOPICAL TERM
9 (RLIN) 615
Topical term or geographic name entry element Planos
710 1# - ADDED ENTRY--CORPORATE NAME
Corporate name or jurisdiction name as entry element Servicio Nacional de Capacitación para la Industria de la Construcción.
Subordinate unit Escuela Superior Técnica
9 (RLIN) 1065
910 ## - USER-OPTION DATA (OCLC)
-- hfp
-- hfp
942 ## - ADDED ENTRY ELEMENTS (KOHA)
Koha item type Monografía de Titulación
Source of classification or shelving scheme Dewey Decimal Classification
Existencias
Fecha de la última vez que lo usaron Número de ingreso o de inventario Pago total Signatura topográfica completa Código de barras Precio efectivo desde Tipo de documento Estado perdido Estado dañado No es para préstamo Retirado Ubicación permanente Ubicación actual Fecha de adquisición
04/03/2024 I-00532   I/DIS/2005/R21/v. 1 BibLima24030012 04/03/2024 Monografía de Titulación         Biblioteca Central Lima Biblioteca Central Lima 04/03/2024
04/03/2024 I-00533   I/DIS/2005/R21/v. 2 BibLima24030013 04/03/2024 Monografía de Titulación         Biblioteca Central Lima Biblioteca Central Lima 04/03/2024